Statistics for Countries Containing Letters A and Z

Click here to take the quiz!

General Stats

  • This quiz has been taken 59 times
    (26 since last reset)
  • The average score is 11 of 14

Answer Stats

Answer % Correct
Zambia
100%
Azerbaijan
95%
Zimbabwe
95%
Uzbekistan
86%
Brazil
82%
Kazakhstan
82%
Mozambique
77%
Switzerland
73%
Tanzania
73%
Venezuela
73%
Bosnia and Herzegovina
68%
Kyrgyzstan
68%
New Zealand
68%
Czechia
45%

Score Distribution

Percentile by Number Answered

Percent of People with Each Score

Your Score History

You have not taken this quiz since the last reset